[Event "Moscow Open D University Women"]
[Site "Moscow RUS"]
[Date "2011.02.01"]
[Round "4.1"]
[White "Repina, Varvara"]
[Black "Matveeva, Olga"]
[Result "0-1"]
[WhiteTitle "WFM"]
[BlackTitle "WFM"]
[WhiteElo "2280"]
[BlackElo "2215"]
[WhiteFideId "4194950"]
[BlackFideId "24107018"]
[EventDate "2011.01.29"]

1. d4 Nf6 2. c4 c5 3. d5 b5 4. Nd2 bxc4 5. e4 d6 6. Bxc4 g6 7. b3 Bg7 8. Bb2 O-O
9. Ngf3 e5 10. O-O Nbd7 11. a4 Nb6 12. Bb5 Rb8 13. Qc2 Nh5 14. Rfd1 f5 15. a5
Na8 16. Bc4 Nc7 17. Nf1 Nb5 18. b4 Nd4 19. Nxd4 cxd4 20. exf5 Bxf5 21. Qd2 Qh4
22. b5 Nf4 23. f3 Bh6 24. Qf2 Qxf2+ 25. Kxf2 Rfc8 26. Nd2 Bd3 27. Ra4 Bc2 28.
Rda1 Bxa4 29. Rxa4 Nxg2 30. Kxg2 Bxd2 31. Ba3 Rd8 32. a6 Kf7 33. Bd3 Ke7 34. Kf2
Rdc8 35. Ke2 Bf4 36. h3 Rc3 37. Bb4 Rb3 38. Bc4 Rb2+ 39. Kd3 Bg5 40. Ba3 Rd2+
41. Ke4 Rf8 0-1

[Event "Moscow Open D University Women"]
[Site "Moscow RUS"]
[Date "2011.02.01"]
[Round "4.2"]
[White "Dogodkina, Julia"]
[Black "Lysenko, Maria"]
[Result "1-0"]
[WhiteElo "2070"]
[BlackElo "2006"]
[WhiteFideId "24143375"]
[BlackFideId "24122084"]
[EventDate "2011.01.29"]

1. e4 c5 2. Nf3 Nc6 3. d4 cxd4 4. Nxd4 Nf6 5. Nc3 e5 6. Ndb5 d6 7. Bg5 a6 8. Na3
b5 9. Nd5 Be7 10. Bxf6 Bxf6 11. c3 Bg5 12. Nc2 Ne7 13. h4 Bh6 14. Ncb4 O-O 15.
g4 Bf4 16. Nxe7+ Qxe7 17. Nd5 Qb7 18. Bg2 h5 19. g5 Bg4 20. Bf3 Bxf3 21. Qxf3 g6
22. O-O Kg7 23. Rfd1 Rfe8 24. Rd3 Re6 25. b3 Rc8 26. Qd1 Qc6 27. a4 Ree8 28. Nf6
Red8 29. axb5 axb5 30. Ra7 Ra8 31. Qa1 Rdc8 32. Nd5 Rd8 33. Qa5 Rxa7 34. Qxa7
Qd7 35. Qxd7 Rxd7 36. Nxf4 exf4 37. e5 d5 38. c4 bxc4 39. bxc4 d4 40. Kg2 Re7
41. Kf3 Rxe5 42. Rxd4 Kf8 43. Rxf4 Re1 44. Re4 Rd1 45. Ke3 Rd8 46. Rd4 Rc8 47.
Ke4 Ke7 48. Kd5 Kd7 49. Rf4 Rf8 50. c5 Kc7 51. Rf6 Rd8+ 52. Rd6 Re8 53. c6 Re7
54. Rf6 Kd8 55. Kd6 Rc7 56. Kc5 Re7 57. Kb6 Kc8 58. Rf4 Kb8 59. Rf6 Kc8 60. f4
Kb8 61. f5 gxf5 62. Rxf5 Rc7 63. Re5 1-0

[Event "Moscow Open D University Women"]
[Site "Moscow RUS"]
[Date "2011.02.01"]
[Round "4.4"]
[White "Niks, Yana"]
[Black "Zarivkina, Victorya"]
[Result "1/2-1/2"]
[BlackTitle "WFM"]
[WhiteElo "1878"]
[BlackElo "2084"]
[WhiteFideId "24117943"]
[BlackFideId "24107662"]
[EventDate "2011.01.29"]

1. e4 c5 2. Nf3 d6 3. d4 cxd4 4. Nxd4 Nf6 5. Nc3 a6 6. Be2 e5 7. Nb3 Be6 8. Be3
Be7 9. O-O b5 10. a3 O-O 11. f4 Qc7 12. f5 Bc4 13. Kh1 Rd8 14. g4 d5 15. g5 Nxe4
16. Nxe4 dxe4 17. Qe1 Nd7 18. f6 Bf8 19. Qf2 Bxe2 20. Qxe2 Rac8 21. fxg7 Bxg7
22. Qf2 Rf8 23. c3 Qc6 24. Qf5 Rcd8 25. Nd2 Nc5 26. Bxc5 Qxc5 27. Nxe4 Qc6 28.
Qf3 Kh8 29. Nf6 Qxf3+ 30. Rxf3 Rd2 31. Re1 Rxb2 32. Rxe5 Rd8 33. Ref5 Bxf6 34.
Rxf6 Rd1+ 35. Rf1 Rxf1+ 36. Rxf1 Kg7 37. Rf6 a5 38. Rb6 Rb3 39. Kg2 a4 40. Kf2
Rxa3 41. Rxb5 Rxc3 42. Ra5 a3 43. Ra6 Rb3 44. Kg2 Rb2+ 45. Kg3 a2 46. h4 Kf8 47.
Ra7 Ke8 48. Kf4 Kd8 49. Ke5 Rf2 50. Kd6 Kc8 51. Kc6 Kb8 52. Ra3 Re2 53. Kb6 Kc8
54. Ra7 Kd8 55. Kb5 Ke8 56. Kb4 Rh2 57. Kb3 Kf8 58. Kc3 Kg7 59. Kd3 Kg6 60. Ke3
Kh5 61. Kf3 Kxh4 62. Ra5 Rb2 63. Kf4 Rf2+ 64. Ke3 Rg2 65. Kf3 Rc2 66. Kf4 Kh3
67. Ke3 Kg4 68. Kd3 Rh2 69. Ke3 Rb2 70. Kd3 Kf4 71. Kc3 Rg2 72. Kd3 Rg3+ 73. Kd4
Rg2 74. Kd3 Rxg5 75. Rxa2 f5 76. Rh2 h5 77. Ke2 Kg3 78. Rh1 f4 79. Rg1+ Kh4 80.
Rh1+ Kg4 81. Kf2 h4 82. Rh2 h3 83. Rh1 Ra5 84. Rg1+ Kf5 85. Rg8 h2 86. Kg2 f3+
87. Kxh2 Kf4 88. Kg1 Rg5+ 89. Rxg5 Kxg5 90. Kf2 Kf4 91. Kf1 Ke3 92. Ke1 Kd3 93.
Kf2 Ke4 1/2-1/2

[Event "Moscow Open D University Women"]
[Site "Moscow RUS"]
[Date "2011.02.01"]
[Round "4.5"]
[White "Imeeva, Aisa"]
[Black "Yarullina, Alina"]
[Result "1/2-1/2"]
[WhiteElo "2043"]
[BlackElo "2047"]
[WhiteFideId "24116157"]
[BlackFideId "24113875"]
[EventDate "2011.01.29"]

1. e4 c5 2. Nf3 Nc6 3. d4 cxd4 4. Nxd4 g6 5. Nc3 Bg7 6. Be3 Nf6 7. Nb3 O-O 8.
Be2 d6 9. O-O Be6 10. f4 Qc8 11. h3 Rd8 12. Bf3 d5 13. e5 Ne4 14. Qe1 f6 15.
Bxe4 dxe4 16. exf6 Bxf6 17. Nxe4 Bxb2 18. Rb1 Bg7 19. Ng5 Bf5 20. Qf2 Nb4 21.
Bc5 Nxa2 22. g4 Bxg4 23. hxg4 Qxg4+ 24. Qg2 Qxg2+ 25. Kxg2 Rac8 26. Ne6 Rd7 27.
Nxg7 Kxg7 28. Rf3 Kg8 29. Ra1 b6 30. Rxa2 bxc5 31. c4 Kf7 32. Re3 h6 33. Ra5
Rdc7 34. Re5 h5 35. Kg3 Rd8 36. Nxc5 Rd4 37. Ne6 Rd3+ 38. Kh4 Rxc4 39. Rxa7 Kf6
40. Ra8 g5+ 41. Kxh5 gxf4 42. Re1 Re3 43. Rxe3 fxe3 44. Ng5 e2 45. Ra6+ Kf5 46.
Nf3 Rf4 47. Ra5+ Ke4 48. Ne1 Rf1 49. Ra1 Ke3 50. Kg4 e5 51. Kg3 e4 52. Ng2+ Kd2
53. Ra2+ Kd3 54. Ra3+ Kd4 55. Re3 e1=Q+ 56. Rxe1 Rxe1 57. Nxe1 Ke3 58. Ng2+ 1/2-1/2

[Event "Moscow Open D University Women"]
[Site "Moscow RUS"]
[Date "2011.02.01"]
[Round "4.6"]
[White "Selifonova, Aleksandra"]
[Black "Nikitina, Elena"]
[Result "1/2-1/2"]
[BlackTitle "WFM"]
[WhiteElo "1843"]
[BlackElo "2029"]
[WhiteFideId "24115983"]
[BlackFideId "24110949"]
[EventDate "2011.01.29"]

1. e4 d5 2. exd5 Qxd5 3. d4 Nc6 4. Nf3 Bg4 5. Be2 O-O-O 6. Be3 Nf6 7. Nbd2 Qf5
8. c3 e5 9. Nxe5 Nxe5 10. dxe5 Bxe2 11. Qxe2 Qxe5 12. Nf3 Qd5 13. O-O Bd6 14.
Rad1 Qh5 15. g3 Rhe8 16. Kg2 Ng4 17. Rfe1 Re6 18. Qc4 Nxe3+ 19. Rxe3 Rxe3 20.
fxe3 Qg6 21. Qd3 Qxd3 22. Rxd3 Be7 23. Rxd8+ Kxd8 24. Nd4 a6 25. Kf3 Kd7 26. Ke4
g6 27. Nf3 Ke6 28. Nd4+ Kd6 29. Nb3 c5 30. Nd2 b5 31. c4 h5 32. b3 b4 33. Nf3
Ke6 34. Ne1 Bd6 35. Nd3 g5 36. h3 f5+ 37. Kf3 g4+ 38. Kg2 1/2-1/2

[Event "Moscow Open D University Women"]
[Site "Moscow RUS"]
[Date "2011.02.01"]
[Round "4.9"]
[White "Fyodorova, Irina"]
[Black "Ektova, Elena"]
[Result "1-0"]
[WhiteElo "1951"]
[BlackElo "1806"]
[WhiteFideId "4116950"]
[BlackFideId "24124419"]
[EventDate "2011.01.29"]

1. d4 Nf6 2. c4 c5 3. d5 g6 4. Nc3 d6 5. Nf3 Bg7 6. e4 O-O 7. Be2 a6 8. O-O e6
9. Bg5 exd5 10. exd5 Bf5 11. Nh4 Qc8 12. Na4 Nbd7 13. g4 Be4 14. f3 Nxg4 15.
fxe4 Bd4+ 16. Kg2 Ne3+ 17. Bxe3 Bxe3 18. Bg4 Qd8 19. Bxd7 Qxd7 20. Nb6 Qe7 21.
Nxa8 Qxe4+ 22. Qf3 1-0

[Event "Moscow Open D University Women"]
[Site "Moscow RUS"]
[Date "2011.02.01"]
[Round "4.10"]
[White "Emelianova, Ekaterina"]
[Black "Chukhlantseva, Anna"]
[Result "0-1"]
[WhiteElo "1770"]
[BlackElo "1942"]
[WhiteFideId "24140813"]
[BlackFideId "4113594"]
[EventDate "2011.01.29"]

1. d4 d5 2. c4 dxc4 3. Nf3 e6 4. e3 c5 5. Bxc4 a6 6. dxc5 Qxd1+ 7. Kxd1 Bxc5 8.
a3 b5 9. Bd3 Bb7 10. Nbd2 Nf6 11. b4 Be7 12. Bb2 O-O 13. Rc1 Rd8 14. Ke2 Nc6 15.
Nb3 Rac8 16. Nc5 Bxc5 17. Rxc5 Nd7 18. Rcc1 Nb6 19. Nd2 Rd7 20. Be4 Rdc7 21.
Bxc6 Bxc6 22. e4 Nc4 23. Nxc4 bxc4 24. Ke3 Ba4 25. Bc3 Rd7 26. f3 f6 27. Rhe1 e5
28. Kf2 Kf7 29. Ke2 Rcd8 30. Rg1 Bb3 31. Rge1 Ke6 32. Kf2 Kd6 33. Re2 Kc6 34.
Ree1 Kb5 35. Ra1 Rd3 36. Rec1 Ka4 37. Ke2 R8d7 38. g3 Rb7 39. g4 Bd1+ 40. Rxd1
Rxc3 41. Rd6 Rc2+ 42. Rd2 Kb3 43. Rxc2 Kxc2 44. Rd1 c3 45. h4 Kb2 46. Rd5 c2 47.
Rc5 c1=Q 48. Rxc1 Kxc1 49. Kd3 Kb2 0-1

[Event "Moscow Open D University Women"]
[Site "Moscow RUS"]
[Date "2011.02.02"]
[Round "5.2"]
[White "Vasilevich, Irina"]
[Black "Niks, Yana"]
[Result "1-0"]
[WhiteTitle "IM"]
[WhiteElo "2327"]
[BlackElo "1878"]
[WhiteFideId "4141296"]
[BlackFideId "24117943"]
[EventDate "2011.01.29"]

1. e4 e5 2. f4 exf4 3. Nf3 g5 4. h4 g4 5. Ne5 h5 6. Bc4 Nh6 7. d4 d6 8. Nd3 f5
9. Nxf4 Nc6 10. Ng6 Rh7 11. Bg5 Be7 12. Nxe7 Nxe7 13. Nc3 c6 14. O-O Nf7 15. Bf6
Rh6 16. Bxf7+ Kxf7 17. Bg5 Rh8 18. exf5 Qc7 19. Qd3 d5 20. Rae1 Re8 21. f6 Nf5
22. Rxe8 Kxe8 23. Rxf5 Bxf5 24. Qxf5 Qf7 25. Ne2 Rd8 26. Nf4 Rd6 27. Nd3 Re6 28.
Ne5 1-0

[Event "Moscow Open D University Women"]
[Site "Moscow RUS"]
[Date "2011.02.02"]
[Round "5.3"]
[White "Zarivkina, Victorya"]
[Black "Repina, Varvara"]
[Result "0-1"]
[WhiteTitle "WFM"]
[BlackTitle "WFM"]
[WhiteElo "2084"]
[BlackElo "2280"]
[WhiteFideId "24107662"]
[BlackFideId "4194950"]
[EventDate "2011.01.29"]

1. e4 c5 2. Nf3 d6 3. d4 Nf6 4. Nc3 cxd4 5. Nxd4 a6 6. Be2 Nbd7 7. Be3 e6 8. Qd2
Qc7 9. f3 Be7 10. g4 Ne5 11. g5 Nfd7 12. Nd1 b5 13. b3 Bb7 14. Nf2 Nc5 15. Rg1
O-O 16. f4 Nc6 17. Bf3 Nxd4 18. Bxd4 e5 19. Bb2 exf4 20. Bxg7 Ne6 21. Bxf8 Bxf8
22. Ng4 Bg7 23. Nf6+ Kh8 24. h4 Rc8 25. Rc1 Qc5 26. Kf1 b4 27. Nd5 Bd4 28. Rg2
Bxd5 29. exd5 Be3 30. Qd3 Nd4 31. Bg4 Rc7 32. Re1 Qxd5 33. h5 Rxc2 34. Be2 Rc3
35. Qxa6 f3 36. Rh2 fxe2+ 37. Rexe2 Rc1+ 38. Re1 Qf3+ 0-1

[Event "Moscow Open D University Women"]
[Site "Moscow RUS"]
[Date "2011.02.02"]
[Round "5.5"]
[White "Lysenko, Maria"]
[Black "Smirnova, Anastasia"]
[Result "1-0"]
[WhiteElo "2006"]
[BlackElo "2021"]
[WhiteFideId "24122084"]
[BlackFideId "4196520"]
[EventDate "2011.01.29"]

1. d4 Nf6 2. Nf3 c6 3. Bf4 d5 4. e3 Bg4 5. c3 Nbd7 6. Nbd2 e6 7. Bd3 Be7 8. Qc2
O-O 9. Ne5 Bh5 10. f3 Bg6 11. Nxg6 hxg6 12. g4 Ne8 13. O-O-O c5 14. h4 cxd4 15.
exd4 e5 16. dxe5 d4 17. Ne4 Qa5 18. cxd4 Qxa2 19. Nc3 Qa1+ 20. Kd2 Qa5 21. g5
Nc7 22. h5 Ne6 23. Be3 Bxg5 24. Bxg5 Nxd4 25. Qb1 Nxf3+ 26. Kc1 Nxg5 27. hxg6
Qxe5 28. gxf7+ Rxf7 29. Qc2 Nc5 30. Bh7+ Kf8 31. Nd5 Nce6 32. Bg6 Kg8 33. Bxf7+
Kxf7 34. Qf2+ Ke8 35. Rh8+ Kd7 36. Rxa8 Kc6 37. Ne7+ 1-0

[Event "Moscow Open D University Women"]
[Site "Moscow RUS"]
[Date "2011.02.02"]
[Round "5.6"]
[White "Nikitina, Elena"]
[Black "Imeeva, Aisa"]
[Result "1-0"]
[WhiteTitle "WFM"]
[WhiteElo "2029"]
[BlackElo "2043"]
[WhiteFideId "24110949"]
[BlackFideId "24116157"]
[EventDate "2011.01.29"]

1. d4 Nf6 2. e3 g6 3. Bd3 Bg7 4. f4 d5 5. Nf3 O-O 6. Nbd2 Nbd7 7. O-O c5 8. c3
Rb8 9. b4 cxb4 10. cxb4 Nb6 11. a4 Bg4 12. Qb3 Bxf3 13. Rxf3 Ng4 14. Bb2 f5 15.
Rc1 e6 16. h3 Nf6 17. Rf2 Nc8 18. Nf3 Nd6 19. Ne5 Nfe4 20. Rfc2 Bxe5 21. dxe5
Nf7 22. Bd4 a6 23. b5 Qh4 24. Bxe4 fxe4 25. Kh2 Nh6 26. g3 Qh5 27. Qb2 Ng4+ 28.
Kg2 Nxe3+ 29. Bxe3 Qf3+ 30. Kh2 Qxe3 31. b6 g5 32. Re2 Qf3 33. Rf2 Qh5 34. Qd4
Qh6 35. Rg1 g4 36. h4 Rbc8 37. Qd1 Qg6 38. Qd2 Rc6 39. a5 Qf5 40. Rff1 Rfc8 41.
Rc1 Qf7 42. Rgf1 Qd7 43. f5 exf5 44. Qg5+ Rg6 45. Rxc8+ Qxc8 46. Qxf5 Qxf5 47.
Rxf5 Re6 48. Kg2 Re7 49. e6 d4 50. Re5 e3 51. Kf1 Kg7 52. Ke2 Kf6 53. Re4 d3+
54. Kxd3 Rxe6 55. Rf4+ Ke7 56. Ke2 h5 57. Rf5 Rf6 58. Rxh5 Rf3 59. Rh7+ Kd6 60.
Rxb7 Rxg3 61. Rg7 Rg2+ 62. Kxe3 Ke5 63. Rg5+ Kf6 64. Kf4 Ra2 65. Kxg4 Ra4+ 66.
Kh5 Rb4 67. Rc5 Ra4 68. b7 Rb4 69. Rc6+ 1-0

[Event "Moscow Open D University Women"]
[Site "Moscow RUS"]
[Date "2011.02.02"]
[Round "5.7"]
[White "Fyodorova, Irina"]
[Black "Selifonova, Aleksandra"]
[Result "1-0"]
[WhiteElo "1951"]
[BlackElo "1843"]
[WhiteFideId "4116950"]
[BlackFideId "24115983"]
[EventDate "2011.01.29"]

1. e4 e5 2. Nf3 Nc6 3. Bb5 g6 4. O-O Bg7 5. d3 Nge7 6. Bg5 O-O 7. Nc3 h6 8. Bh4
g5 9. Bg3 Ng6 10. Nd5 Nce7 11. Nxe7+ Qxe7 12. c3 d6 13. Bc4 a5 14. Re1 a4 15. a3
Be6 16. Bxe6 fxe6 17. h3 Nf4 18. d4 Qf7 19. Re3 Nh5 20. Bh2 exd4 21. cxd4 c5 22.
dxc5 dxc5 23. Qe2 Nf4 24. Bxf4 Qxf4 25. e5 Rfd8 26. Qb5 Rd5 27. Qxb7 Rad8 28.
Rae1 Rd1 29. Qe7 Qc4 30. Qb7 Qc1 31. Qb5 Rxe1+ 32. Rxe1 Rd1 33. Rxd1 Qxd1+ 34.
Kh2 Qd5 35. Qe2 Kh8 36. g3 Kg8 37. Qe3 Kh8 38. Qc3 Kg8 39. Qe3 Kh8 40. Kg1 Kg8
41. Kf1 Kh8 42. Ke2 Kh7 43. Qd3+ Kg8 44. Kd2 Kf7 45. Kc2 Kg8 46. Qxd5 exd5 47.
b3 axb3+ 48. Kxb3 Bf8 49. a4 c4+ 50. Kc3 Bc5 51. Nd4 Kf7 52. a5 Ke7 53. f4 gxf4
54. gxf4 Kd7 55. f5 Ke7 56. a6 Kf7 57. Nc6 1-0

[Event "Moscow Open D University Women"]
[Site "Moscow RUS"]
[Date "2011.02.02"]
[Round "5.8"]
[White "Chukhlantseva, Anna"]
[Black "Bulatkhanova, Bika"]
[Result "1/2-1/2"]
[BlackTitle "WFM"]
[WhiteElo "1942"]
[BlackElo "1978"]
[WhiteFideId "4113594"]
[BlackFideId "24125628"]
[EventDate "2011.01.29"]

1. e4 c6 2. d4 g6 3. Be3 Bg7 4. Nc3 d6 5. Bd3 Nf6 6. f3 Nbd7 7. Nge2 Qc7 8. Qd2
b5 9. a3 a6 10. Bh6 Bxh6 11. Qxh6 c5 12. dxc5 Nxc5 13. Nf4 Nxd3+ 14. cxd3 Qa7
15. Ke2 Bb7 16. Rac1 Kd7 17. Rc2 Rac8 18. Rhc1 Qd4 19. g3 b4 20. axb4 Qxb4 21.
Qh3+ e6 22. Qf1 Qd4 23. Qf2 Qxf2+ 24. Kxf2 e5 25. Nfe2 Ke6 26. d4 Nd7 27. Rd2 f5
28. Rcd1 Nb6 29. dxe5 Nc4 30. exf5+ Kxf5 31. Nd4+ Kxe5 32. Re2+ Kf6 33. Rde1 Ne5
34. Kg1 Rhe8 35. f4 Nf3+ 36. Nxf3 Rxe2 37. Rxe2 Bxf3 38. Rd2 Ke6 39. Kf2 Bc6 40.
Re2+ Kf5 41. Re7 h5 42. Ne2 Kf6 43. Ra7 Bb5 44. Nd4 d5 45. Nxb5 axb5 46. Ra6+
Kf5 47. Kf3 g5 48. fxg5 Kxg5 49. h4+ Kf5 50. Rh6 Rc2 51. Rxh5+ Ke6 52. Kf4 Rf2+
53. Ke3 Rxb2 54. Kd4 Rb4+ 55. Kc5 Rg4 56. Kxb5 Rxg3 57. Kc5 Rc3+ 58. Kd4 Rc4+
59. Kd3 Rg4 60. Rh8 Ke5 61. Re8+ Kf5 62. Rf8+ 1/2-1/2

[Event "Moscow Open D University Women"]
[Site "Moscow RUS"]
[Date "2011.02.02"]
[Round "5.9"]
[White "Dibirova, Umayganat"]
[Black "Minina, Veronika"]
[Result "0-1"]
[WhiteElo "1871"]
[BlackElo "2133"]
[WhiteFideId "4138503"]
[BlackFideId "4174780"]
[EventDate "2011.01.29"]

1. e4 c5 2. Nf3 Nc6 3. d4 cxd4 4. Nxd4 g6 5. Nc3 Bg7 6. Be3 Nf6 7. Bc4 O-O 8.
Bb3 d6 9. f3 Bd7 10. Qd2 Nxd4 11. Bxd4 b5 12. h4 a5 13. a4 bxa4 14. Nxa4 Be6 15.
Nb6 Ra6 16. Nd5 Nxd5 17. exd5 Bxd4 18. Qxd4 Bd7 19. h5 a4 20. hxg6 fxg6 21. Bc4
Qa5+ 22. c3 Raa8 23. Bd3 Bf5 24. Qh4 h5 25. Be4 Qb6 26. Bxf5 Rxf5 27. Rxa4 Qe3+
28. Kd1 Rxd5+ 29. Kc2 Rd2+ 30. Kb3 Rb8+ 31. Rb4 Qe6+ 32. Ka3 Rc8 33. Rc1 Rc5 34.
Qe4 Re5 35. Qb7 Ra5+ 36. Ra4 Rxa4+ 37. Kxa4 Qa2+ 0-1

[Event "Moscow Open D University Women"]
[Site "Moscow RUS"]
[Date "2011.02.02"]
[Round "5.10"]
[White "Velichko, Tatiana"]
[Black "Grabovets, Nadezhda"]
[Result "1-0"]
[WhiteElo "1861"]
[BlackElo "1879"]
[WhiteFideId "24150070"]
[BlackFideId "24102164"]
[EventDate "2011.01.29"]

1. e4 e5 2. Nf3 d6 3. d4 exd4 4. Nxd4 Nf6 5. Nc3 Be7 6. Bd3 O-O 7. O-O c5 8. Nf3
h6 9. h3 Be6 10. Be3 Nc6 11. Re1 a6 12. a4 Ne5 13. Nxe5 dxe5 14. Qe2 Qb6 15. b3
Qc6 16. f3 Rab8 17. Rad1 Rfc8 18. Bc4 Bxc4 19. Qxc4 b5 20. axb5 axb5 21. Nd5 Kf8
22. Qc3 Nxd5 23. Rxd5 f6 24. Red1 c4 25. b4 Rd8 26. Qd2 Qc7 27. c3 Rxd5 28. exd5
Rd8 29. Qf2 Qb7 30. Qd2 Bd6 31. Kh1 Ra8 32. Qf2 Ra3 33. Bc5 Qc7 34. Rc1 Ra8 35.
Qe3 Ra6 36. Re1 Ra8 37. Qf2 Rc8 38. Be3 Ra8 39. Qh4 Qf7 40. Qe4 Ra3 41. Rc1 f5
42. Qc2 f4 43. Bf2 Qxd5 44. Rd1 Qe6 45. Rxd6 Qxd6 46. Bc5 Qxc5 47. bxc5 Ke7 48.
Qf5 b4 49. Qxe5+ Kd7 50. Qxg7+ Kc6 51. cxb4 c3 52. Qf6+ Kb5 53. c6 Rb3 54. c7
Rb1+ 55. Kh2 c2 56. Qf5+ 1-0

[Event "Moscow Open D University Women"]
[Site "Moscow RUS"]
[Date "2011.02.02"]
[Round "5.11"]
[White "Ektova, Elena"]
[Black "Emelianova, Ekaterina"]
[Result "1-0"]
[WhiteElo "1806"]
[BlackElo "1770"]
[WhiteFideId "24124419"]
[BlackFideId "24140813"]
[EventDate "2011.01.29"]

1. c4 e5 2. Nc3 Nc6 3. g3 f5 4. Bg2 Nf6 5. e4 d6 6. Nge2 g6 7. O-O Bg7 8. d4 O-O
9. exf5 gxf5 10. Bg5 Ne7 11. Qb3 c6 12. Rad1 Qc7 13. Rfe1 Kh8 14. c5 exd4 15.
cxd6 Qxd6 16. Nxd4 Qc5 17. Na4 Qd6 18. Ne6 Bxe6 19. Rxe6 Qc7 20. Bf4 Qa5 21.
Rxe7 Nd5 22. Bxd5 cxd5 23. Rxd5 1-0

[Event "Moscow Open D University Women"]
[Site "Moscow RUS"]
[Date "2011.02.03"]
[Round "6.1"]
[White "Dogodkina, Julia"]
[Black "Vasilevich, Irina"]
[Result "0-1"]
[BlackTitle "IM"]
[WhiteElo "2070"]
[BlackElo "2327"]
[WhiteFideId "24143375"]
[BlackFideId "4141296"]
[EventDate "2011.01.29"]

1. d4 e6 2. c4 Nf6 3. Nc3 Bb4 4. Qc2 c5 5. dxc5 Bxc5 6. Bf4 Nc6 7. e3 Nh5 8. Bg3
Be7 9. Nf3 b6 10. O-O-O Nxg3 11. hxg3 h6 12. Kb1 a6 13. Bd3 Bb7 14. Qe2 Rc8 15.
g4 Na5 16. g5 Bxg5 17. Nxg5 Qxg5 18. b4 Nc6 19. Ne4 Qe7 20. c5 bxc5 21. bxc5 Rb8
22. Nd6+ Kf8 23. Rd2 Ba8+ 24. Rb2 Rxb2+ 25. Qxb2 Qg5 26. Bxa6 Qxc5 27. Rd1 Nb4
28. e4 Nxa6 29. Rc1 Qxd6 30. Rc8+ Ke7 31. Rxh8 Bxe4+ 32. Kc1 Nb4 33. Qd2 Qxd2+
34. Kxd2 Nxa2 35. f3 Bd5 36. Rb8 Kf6 37. Rb2 Bc4 38. Rb1 d5 39. g3 h5 40. Rb2 g6
41. Rb1 d4 0-1

[Event "Moscow Open D University Women"]
[Site "Moscow RUS"]
[Date "2011.02.03"]
[Round "6.3"]
[White "Yarullina, Alina"]
[Black "Matveeva, Olga"]
[Result "1/2-1/2"]
[BlackTitle "WFM"]
[WhiteElo "2047"]
[BlackElo "2215"]
[WhiteFideId "24113875"]
[BlackFideId "24107018"]
[EventDate "2011.01.29"]

1. e4 c5 2. Nc3 Nc6 3. f4 g6 4. Nf3 Bg7 5. Bc4 d6 6. O-O e6 7. d3 Nge7 8. Bb3
O-O 9. Qe1 Rb8 10. Qh4 Nd4 11. f5 Nec6 12. Bg5 f6 13. fxg6 hxg6 14. Bd2 b5 15.
Nd1 Nxf3+ 16. Rxf3 Nd4 17. Rf2 Kf7 18. Ne3 1/2-1/2

[Event "Moscow Open D University Women"]
[Site "Moscow RUS"]
[Date "2011.02.03"]
[Round "6.4"]
[White "Grebennikova, Tatyana"]
[Black "Nikitina, Elena"]
[Result "1/2-1/2"]
[BlackTitle "WFM"]
[WhiteElo "1981"]
[BlackElo "2029"]
[WhiteFideId "4102347"]
[BlackFideId "24110949"]
[EventDate "2011.01.29"]

1. c4 e5 2. Nc3 Nf6 3. g3 g6 4. Bg2 Bg7 5. Nf3 d6 6. O-O c6 7. d3 Bg4 8. h3 Bd7
9. c5 Qc7 10. cxd6 Qxd6 11. d4 exd4 12. Nxd4 Qe7 13. e4 O-O 14. Be3 Na6 15. Qc2
Nb4 16. Qe2 Rac8 17. Nb3 c5 18. a3 Na6 19. Na5 b6 20. Qxa6 bxa5 21. Qxa5 Be6 22.
Rac1 Nd7 23. Rfd1 Nb6 24. Nd5 Bxd5 25. exd5 Bd4 26. Qd2 Bxe3 27. Qxe3 Qd6 28.
Rc2 Rfd8 29. Qc3 c4 30. Rcd2 Rc5 31. Rd4 Rb8 32. Qc2 Rbc8 33. Kh2 a5 34. f4 c3
35. bxc3 Rxc3 36. Qe4 Rxa3 37. Qe5 Rd8 38. Rc1 Qxe5 39. fxe5 Re3 40. Rc6 Nd7 41.
e6 Nb8 42. exf7+ Kxf7 43. Rc7+ Nd7 44. Ra4 Kf6 45. Rxa5 Ne5 46. Ra6+ Kf5 47.
Rxh7 Re2 48. Kg1 Rb8 49. Ra1 Rbb2 50. Rf1+ Kg5 51. Bf3 Nxf3+ 52. Rxf3 Re1+ 53.
Rf1 Ree2 1/2-1/2

[Event "Moscow Open D University Women"]
[Site "Moscow RUS"]
[Date "2011.02.03"]
[Round "6.5"]
[White "Smirnova, Anastasia"]
[Black "Fyodorova, Irina"]
[Result "1-0"]
[WhiteElo "2021"]
[BlackElo "1951"]
[WhiteFideId "4196520"]
[BlackFideId "4116950"]
[EventDate "2011.01.29"]

1. d4 d5 2. Nf3 Nf6 3. c4 c6 4. Nc3 e6 5. cxd5 exd5 6. Qc2 Bd6 7. Bg5 Qe7 8. e3
Bg4 9. Bd3 Nbd7 10. h3 Bh5 11. Nh4 Bg6 12. Nxg6 hxg6 13. O-O-O O-O-O 14. Nxd5
Qe6 15. Nc3 Rde8 16. e4 Rh5 17. Be3 Bc7 18. d5 cxd5 19. Nb5 Nc5 20. Bxc5 dxe4
21. Bd6 Qd7 22. Bxc7 b6 23. Nd6+ 1-0

[Event "Moscow Open D University Women"]
[Site "Moscow RUS"]
[Date "2011.02.03"]
[Round "6.6"]
[White "Minina, Veronika"]
[Black "Velichko, Tatiana"]
[Result "1-0"]
[WhiteElo "2133"]
[BlackElo "1861"]
[WhiteFideId "4174780"]
[BlackFideId "24150070"]
[EventDate "2011.01.29"]

1. Nf3 Nf6 2. c4 c5 3. g3 Nc6 4. Bg2 e5 5. d3 d6 6. O-O Be7 7. Nc3 O-O 8. a3 h6
9. Rb1 a5 10. Ne1 Be6 11. Nc2 Rc8 12. Ne3 Nh7 13. Ncd5 f5 14. b4 axb4 15. axb4
b6 16. bxc5 bxc5 17. Rb6 Nd4 18. Bd2 f4 19. Nxe7+ Qxe7 20. Nd5 Bxd5 21. Bxd5+
Kh8 22. e3 fxe3 23. fxe3 Rxf1+ 24. Qxf1 Rf8 25. Qg2 Nf5 26. Rb7 Qf6 27. Rb1 Ng5
28. Rf1 Qe7 29. e4 Nxe4 30. Bxe4 Nd4 31. Rxf8+ Qxf8 32. Qf2 Qe8 33. Bxh6 gxh6
34. Qf6+ Kg8 35. Bd5+ 1-0

[Event "Moscow Open D University Women"]
[Site "Moscow RUS"]
[Date "2011.02.03"]
[Round "6.8"]
[White "Ektova, Elena"]
[Black "Zarivkina, Victorya"]
[Result "0-1"]
[BlackTitle "WFM"]
[WhiteElo "1806"]
[BlackElo "2084"]
[WhiteFideId "24124419"]
[BlackFideId "24107662"]
[EventDate "2011.01.29"]

1. c4 Nf6 2. Nc3 g6 3. g3 Bg7 4. Bg2 e5 5. e4 d6 6. Nge2 O-O 7. O-O Be6 8. d3
Qd7 9. Re1 c6 10. f4 Bh3 11. d4 Bxg2 12. Kxg2 Re8 13. fxe5 dxe5 14. d5 Na6 15.
h3 cxd5 16. cxd5 Nc5 17. Ng1 b5 18. b4 Nb7 19. Be3 Rac8 20. Qd3 a6 21. Nf3 Qc7
22. Bd2 Qc4 23. Qxc4 Rxc4 24. a3 Nd6 25. Rac1 Ndxe4 26. Nxe4 Rxe4 27. Rxe4 Nxe4
28. Rc6 h6 29. Be3 Rd8 30. Rxa6 Rxd5 31. Ra8+ Kh7 32. g4 Rd3 33. Bc5 Nxc5 34.
bxc5 e4 35. Nh4 Bf6 36. Nxg6 Kxg6 37. c6 Rc3 38. Rc8 Kg7 39. Re8 Rxc6 40. Rxe4
Ra6 41. Rb4 Ra5 42. Rb3 Be7 43. h4 Bxh4 0-1